PUC - 2016 Contabilidad Internacional para las PYME /

Detalles Bibliográficos
Autor principal: Rincn̤ Soto, Carlos Augusto
Otros Autores: Grajales Londoǫ, Gherson, Lasso Marmolejo, Guiovanny, Zamorano Ho, Ricardo
Formato: eBook
Lenguaje:español
Publicado: Bogot:̀ Ediciones de la U, 2016
Materias:
Acceso en línea:Acceso restringido

MARC

LEADER 00000nam a22000007a 4500
005 20161209222651.0
007 cr|||| ||||
008 161209s2016 co |||||s|||| 00||0 spa d
020 |a 978-958-762-505-9 
035 |a 14633 
040 |a vLex 
090 |c 6465  |d 6465 
100 1 |a Rincn̤ Soto, Carlos Augusto 
245 1 0 |a PUC - 2016  |h [Recurso electrn̤ico] :  |b Contabilidad Internacional para las PYME /  |c Carlos Augusto Rincn̤ Soto, Gherson Grajales Londoǫ, Guiovanny Lasso Marmolejo, Ricardo Zamorano Ho 
256 |a Servicio en ln̕ea 
260 |a Bogot:̀  |b Ediciones de la U,  |c 2016 
300 |a 1 recurso electrn̤ico 
500 |a Contextualizado Decreto 2420 de Diciembre 14 de 2015. Buenas prc̀ticas contables del gobierno corporativo. 
506 1 |a Disponible solo en los productos indicados  |d vLex Global  |d vLex Global (Academic Edition, excluding Law Schools)  |d vLex Global (U.S. Academic Edition, Law Schools)  |d vLex Global (U.S. Academic Edition, excluding Law Schools)  |d vLex Global (Academic Edition, Law Schools) 
650 0 4 |a Contabilidad  |z Colombia 
700 1 |a Grajales Londoǫ, Gherson 
700 1 |a Lasso Marmolejo, Guiovanny 
700 1 |a Zamorano Ho, Ricardo 
740 0 |a vLex Libros (Servicio en ln̕ea) 
856 4 0 |u http://vlex.com/source/puc-2016-14633  |z Acceso restringido 
942 |c BOOK 
999 0 |a Accounting